Statistics for Most Populated Countries Under 1 Million Inhabitanats

Click here to take the quiz!

General Stats

  • This quiz has been taken 15 times
  • The average score is 9 of 10

Answer Stats

PopContinentAnswer% Correct
905000OCEANIAFiji
100%
807000ASIABhutan
92%
777859S.AMERICAGuyana
92%
628000EUROPEMontenegro
92%
611343OCEANIASolomon Islands
92%
563424S.AMERICASuriname
92%
813000AFRICAComoros
83%
583455EUROPELuxembourg
83%
546388AFRICACabo Verde
83%
956865AFICADjibouti
75%

Score Distribution

Percentile by Number Answered

Percent of People with Each Score

Your Score History

You have not taken this quiz